000 003210000a22001090004500
090 _aAS
_bSeriadas
245 1 0 _aAnálisis de la convención CITES a la luz del convenio sobre diversidad biológica
041 0 _aEspañol
100 1 _aHernández, Ana María
_92185
942 _cARTICULO
773 1 _tBiosintesis
_h3
_q1-4
_d1998
999 _c15917
_d15917